| 000 | 00000nam##2200000za#4500 |
| 001 | 9.615778 |
| 003 | CaOODSP |
| 005 | 20200706133956 |
| 007 | ta |
| 008 | 150406|2001||||xxc||||| f|0| 0 eng|d |
| 020 | |a0-660-18630-6 |
| 022 | |a1200-5223 |
| 040 | |aCaOODSP|beng |
| 043 | |an-cn--- |
| 086 | 1 |aCS11-0019/176E |
| 245 | 00|aWhich firms have high job vacancy rates in Canada? / |cby René Morissette and Xuelin Zhang. |
| 260 | |aOttawa - Ontario : |bStatistics Canada. |c2001. |
| 300 | |a36p. : |bfigs., references, tables ; |c28 cm. |
| 490 | 1 |aResearch paper series|x1200-5223|vNo. 176 |
| 500 | |a"Since the Job Vacancy Survey conducted by Statistics Canada between 1971 and 1978, there was no data which directly measured job vacancies in Canada. Using data from the 1999 Workplace and Employee Survey (WES), we attempt to fill this gap."--Abstract. |
| 563 | |aSoftcover |
| 590 | |a01-45|b2001-11-09 |
| 690 | 07|aEmployment opportunities|2gcpds |
| 690 | 07|aBusinesses|2gcpds |
| 710 | 2 |aStatistics Canada. |bAnalytical Studies Branch. |
| 720 | 1 |aMorissette, René |
| 720 | 1 |aZhang, Xuelin |
| 775 | 08|tQuelles entreprises ont des taux de vacance élevés au Canada? / |w(CaOODSP)9.625797 |
| 776 | 0#|tWhich firms have high job vacancy rates in Canada? / |w(CaOODSP)9.557960 |
| 830 | #0|aResearch paper series,|x1200-5223|vNo. 176|w(CaOODSP)9.514463 |